[Event "IND-chT (Women) 16th"]
[Site "Bhubaneswar"]
[Date "2018.02.08"]
[Round "1.1"]
[White "Mohota, Nisha"]
[Black "Jaiswal, Ayushi"]
[Result "1-0"]
[WhiteElo "2256"]
[BlackElo "1175"]
[PlyCount "81"]
[EventDate "2018.02.08"]
[EventType "team-swiss"]
[EventRounds "7"]
[EventCountry "IND"]
[SourceTitle "CBM 182 Extra"]
[Source "ChessBase"]
[SourceDate "2018.02.23"]
[SourceVersion "1"]
[SourceVersionDate "2018.02.23"]
[SourceQuality "1"]
[WhiteTeam "Petroleum Sports (W)"]
[BlackTeam "Uttar Pradesh (W)"]
[WhiteTeamCountry "IND"]
[BlackTeamCountry "IND"]

1. Nf3 d5 2. d4 Nc6 3. g3 Bf5 4. Bg2 e6 5. 0-0 h6 6. c4 Nf6 7. Nc3 Be7 8. Ne5 0-0 9. cxd5 exd5 10. Be3 Bb4 11. Nxc6 bxc6 12. Qa4 Bxc3 13. bxc3 Qd7 14. c4 Be6 15. Rac1 Ng4 16. cxd5 cxd5 17. Qxd7 Bxd7 18. Bxd5 Rac8 19. Bb7 Nxe3 20. Bxc8 Nxf1 21. Bxd7 Nd2 22. Rxc7 a5 23. f3 Rb8 24. d5 Rb1+ 25. Kf2 Rb6 26. Rc6 Rb7 27. Bc8 Rb5 28. d6 Kf8 29. Bf5 Rb8 30. d7 Rd8 31. Ke1 g6 32. Rc8 Ke7 33. Rxd8 Kxd8 34. Bd3 Nxf3+ 35. exf3 Kxd7 36. Kd2 Kd6 37. Kc3 Kc5 38. Bc4 f6 39. Bf7 g5 40. Bc4 f5 41. f4 1-0